000 00808nam a2200265 i 4500
001 C2-0321687
003 PPAK
005 20180728120757.0
008 130304s2012 my a|||| ||||| | may d
020 _a9789670384047
040 _aPPAK
_beng
_cPPAK
_erda
082 0 4 _a959.5113
_223
090 0 0 _a959.5113
_bPUL
_dK
245 0 0 _aPulau Pinang :
_bpusat persinggahan kapal perdagangan
264 1 _aPetaling Jaya, Selangor :
_bGaleri Cetusan Idea ,
_c2012
300 _a59 pages :
_bcolour illustrations ;
_c29 cm
336 _2rdacontent
_atext
337 _2rdamedia
_aunmediated
338 _2rdacarrier
_avolume
490 1 _aMenyingkap tinggalan warisan
650 1 0 _aPulau Pinang - History.
700 0 _aAzlina Awang,
_ecompile
830 0 _aMenyingkap tinggalan warisan
942 _ddc
_cB
999 _c122099
_d122099